Loading...

Albrecht Dürer, Christus als Schmerzensmann

Saved in:
Bibliographic Details
Other Authors: Dürer, Albrecht (Illustrator)
Document Type: Book
Language:German
Published: Karlsruhe : Staatliche Kunsthalle , 1972
Series:Bildhefte der Staatlichen Kunsthalle Karlsruhe 9
Subjects:
Author Notes:Staatliche Kunsthalle Karlsruhe. Von Johann Eckart von Borries
LEADER 03664cam a2200697 c 4500
001 1104155540
003 DE-627
005 20260429231129.0
007 tu
008 930712s1972 gw ||||| c 00| ||ger c
015 |a 73,B19,0118  |2 dnb 
016 7 |a 730507823  |2 DE-101 
024 8 |a 030012  |q Sonstige Nr. 
035 |a (DE-627)1104155540 
035 |a (DE-603)052815080 
035 |a (DE-576)034155546 
035 |a (DE-599)BSZ034155546 
035 |a (OCoLC)251823688 
035 |a (OCoLC)251823688 
035 |a (OCoLC)06524887 
040 |a DE-627  |b ger  |c DE-627  |e rakwb 
041 |a ger 
044 |c XA-DE 
084 |a 12a  |2 sdnb 
084 |a 9,10  |a 1  |2 ssgn 
084 |a LH 34290  |2 rvk  |0 (DE-625)rvk/93129: 
084 |a LI 27509  |2 rvk  |0 (DE-625)rvk/95916:13287 
245 0 0 |a Albrecht Dürer, Christus als Schmerzensmann  |c Staatliche Kunsthalle Karlsruhe. Von Johann Eckart von Borries 
246 3 3 |a Dürer, Christus als Schmerzensmann 
264 1 |a Karlsruhe  |b Staatliche Kunsthalle  |c 1972 
300 |a 40 S.  |b zahlr. Ill. 
336 |a Text  |b txt  |2 rdacontent 
337 |a ohne Hilfsmittel zu benutzen  |b n  |2 rdamedia 
338 |a Band  |b nc  |2 rdacarrier 
361 1 |5 DE-32  |y 857763466  |s Ku A 8370  |o Vorbesitz  |a Staatliche Kunstsammlungen Weimar  |0 (DE-588)2022373-0  |0 (DE-627)102096422  |0 (DE-576)191753025  |f Nummer  |f Stempel 
490 1 |a Bildhefte der Staatlichen Kunsthalle Karlsruhe  |v 9 
583 1 |3 Signatur: OSA 129 ,9  |a Massenentsäuert  |c 20181024  |i METE  |2 pdager  |5 DE-31 
583 1 |a Archivierung/Langzeitarchivierung gewährleistet  |f SLG  |x XA-DE-BW  |z Oberrhein  |2 pdager  |5 DE-31 
583 1 |a Archivierung/Langzeitarchivierung gewährleistet  |f PEBW  |x XA-DE-BW  |2 pdager  |5 DE-31 
583 1 |a Archivierung/Langzeitarchivierung gewährleistet  |f SSG  |x XA-DE-BW  |2 pdager  |5 DE-16 
583 1 |a Archivierung prüfen  |c 20240324  |f DE-4165  |z 2  |2 pdager 
655 7 |a Katalog  |0 (DE-588)4163417-2  |0 (DE-627)105454966  |0 (DE-576)209880899  |2 gnd-content 
689 0 0 |d u  |0 (DE-588)4666889-5  |0 (DE-627)340120886  |0 (DE-576)214836185  |a Dürer, Albrecht  |d 1471-1528  |t Christus als Schmerzensmann  |2 gnd 
689 0 |5 (DE-627) 
689 1 0 |d u  |0 (DE-588)4666889-5  |0 (DE-627)340120886  |0 (DE-576)214836185  |a Dürer, Albrecht  |d 1471-1528  |t Christus als Schmerzensmann  |2 gnd 
689 1 |5 (DE-627) 
700 1 |a Borries, Johann Eckart von  |0 (DE-627)1235445607  |0 (DE-576)165445602  |4 oth 
700 1 |a Dürer, Albrecht  |d 1471-1528  |e Ill.  |0 (DE-588)11852786X  |0 (DE-627)133817024  |0 (DE-576)160794544  |4 ill 
710 2 |a Staatliche Kunsthalle Karlsruhe  |0 (DE-588)4204664-6  |0 (DE-627)10514164X  |0 (DE-576)210163623  |4 oth 
810 2 |a Staatliche Kunsthalle Karlsruhe  |t Bildhefte der Staatlichen Kunsthalle Karlsruhe  |v 9  |9 9  |w (DE-627)16664627X  |w (DE-576)012623962  |w (DE-600)238228-3  |x 0075-5133  |7 am 
889 |w (DE-627)022286810 
935 |a RFBW  |a mteo 
935 |i mdedup 
935 |h GBV  |i Tpn3090pruef 
936 r v |a LH 34290  |b Karlsruhe  |k Kunstgeschichte  |k Allgemeines. Allgemeine Kunstgeschichte  |k Museumskunde. Museumskataloge  |k Kataloge einzelner Museen; Schrifttum über einzelne Museen  |k Orte K  |k Karlsruhe  |0 (DE-627)1270900099  |0 (DE-625)rvk/93129:  |0 (DE-576)200900099 
936 r v |a LI 27509  |b Monographien und Bildbände zu einzelnen Kunstwerken  |k Kunstgeschichte  |k Künstler-Monografien  |k Alphabetische Künstlerliste  |k Künstler D  |k Dürer, Albrecht (bis 27510)  |k Monographien und Bildbände zu einzelnen Kunstwerken  |0 (DE-627)1271474352  |0 (DE-625)rvk/95916:13287  |0 (DE-576)201474352 
936 s n |a l300  |2 mzub 
951 |a BO 
990 |a Dürer, Albrecht / Christus als Schmerzensmann 
990 |a Dürer, Albrecht / Christus als Schmerzensmann 
999 |a KXP-PPN1104155540  |e 2897850620